Loading...
| Literature - British | 0 | 7 | 1 | 3 | 65 | 83 | 123.57 | 1 | 2 | 0.00 | 0.00 |
| Literature - European | 0 | 6 | 1 | 1 | 55 | 91 | 115.67 | 1 | 3 | 0.00 | 0.00 |
| Fine Arts - Classical Music | 0 | 6 | 1 | 0 | 55 | 19 | 52.00 | 5 | 6 | 0.00 | 0.00 |
| Literature - World | 0 | 5 | 0 | 1 | 50 | 64 | 113.40 | 1 | 4 | 0.00 | 0.00 |
| Literature - American | 0 | 5 | 0 | 0 | 50 | 74 | 87.20 | 1 | 5 | 0.00 | 0.00 |
| Science - Other | 0 | 4 | 0 | 1 | 40 | 61 | 94.00 | 2 | 3 | 0.00 | 0.00 |
| Social Science | 0 | 3 | 1 | 1 | 25 | 75 | 94.67 | 1 | 3 | 0.00 | 0.00 |
| Fine Arts - Other | 0 | 2 | 0 | 1 | 20 | 79 | 98.50 | 1 | 2 | 0.00 | 0.00 |
| History - American | 0 | 2 | 2 | 1 | 10 | 123 | 127.00 | 0 | 0 | 0.00 | 0.00 |
| Mythology | 0 | 1 | 0 | 0 | 10 | 93 | 93.00 | 0 | 1 | 0.00 | 0.00 |
| Other Academic | 0 | 1 | 0 | 0 | 10 | 92 | 92.00 | 0 | 0 | 0.00 | 0.00 |
| Current Events | 0 | 0 | 0 | 0 | 0 | 0.00 | 0 | 0 | 0.00 | 0.00 |